000 nam a22 a 4500
999 _c2841
_d2841
003 AKMAL
005 20170518113423.0
008 170518s1986 si 00 eng d
020 _a9971404567
040 _aAKMAL
_cAKMAL
049 0 0 _apma
082 0 4 _a658 PAR
_221
100 1 _aParkinson, C. Northcote
_q(Cyril Northcote),
_d1909-1959
_95936
245 1 0 _aEffective management at work /
_cC. Northcote Parkinson, M. K. Rustomji, S. A. Sapre
260 _aSingapore :
_bFederal Publications,
_c1986
300 0 0 _a146p. ;
_c18cm
440 0 _aManagement for everyone
_95991
650 0 _aManagement
_91462
650 0 _aEmployee motivation
_92790
700 1 _aRustomji, M. K.
_95958
700 1 _aSapre, S. A.
_95992
942 _2ddc
_cBOOK